000 00570nam a2200229Ia 4500
003 OSt
005 20221005122717.0
006 a|||||r|||| 00| 0
007 ta
008 221004b |||||||| |||| 00| 0 kan d
024 _a61962
037 _cTextual
040 _aCRL
_cCRL
_bkan
041 _2kan
_akan
082 _aY:1.213.N5, 33K5
100 _aGokaka Au.
_9632471
245 0 _aKannadatha kalu shathamana
260 _c1965
650 _aSOCIOLOGY
942 _hY:1.213.N5, 33K5
_cTEXL
_2cc
999 _c1045145
_d1045145